Miasta w Kazachstanie - nagła śmierć - Statystyki

Ogólne statystyki
  • Ten quiz został rozwiązany 66 razy
  • Średni wynik to 7 z 11
Answers on the Grid
Answers color-coded by a green-red scale on the quiz's grid according to % correct below.
Lhasa
Pandżakent
Bochtar
Murmańsk
Omsk
Taszkent
Biszkek
Aktobe
Ałmaty
Astana
Karaganda
Kustanaj
Kyzyłorda
Pawłodar
Semej
Szymkent
Taraz
Ust-Kamienogorsk
 
Statystyki odpowiedzi
Odpowiedź % Poprawnych
Ałmaty
89%
Astana
83%
Aktobe
63%
Karaganda
63%
Kustanaj
59%
Pawłodar
59%
Semej
54%
Kyzyłorda
50%
Szymkent
48%
Ust-Kamienogorsk
46%
Taraz
41%
Nie znaleziono quizów pasujących do podanych kryteriów
Rozkład punktacji
Procent ludzi z każdym wynikiem
Percentyl według liczby udzielonych odpowiedzi
Twoja historia wyników
Nie rozwiązałeś tego quizu